书目信息 |
| 题名: |
从草原到中原
|
|
| 作者: | 戴仁柱 著 ;刘广丰 译 | |
| 分册: | ||
| 出版信息: | 北京 中华书局 2020 |
|
| 页数: | 313页, [6] 页图版 | |
| 开本: | 22cm | |
| 丛书名: | ||
| 单 册: | ||
| 中图分类: | K827=43 | |
| 科图分类: | ||
| 主题词: | ||
| 电子资源: | ||
| ISBN: | 978-7-101-14546-5 | |
| 000 | 01780nam0 2200313 450 | |
| 001 | 2131047185 | |
| 005 | 20211029202829.0 | |
| 010 | @a978-7-101-14546-5@dCNY38.00 | |
| 100 | @a20200720d2020 em y0chiy0120 ea | |
| 101 | 1 | @achi@ceng |
| 102 | @aCN@b110000 | |
| 105 | @aachfa 000yb | |
| 106 | @ar | |
| 200 | 1 | @a从草原到中原@Acong cao yuan dao zhong yuan@e后唐明宗李嗣源传@dFrom warhorses to ploughshares@ethe Later Tang reign of Emperor Mingzong@f(美) 戴仁柱著@g刘广丰译@zeng |
| 210 | @a北京@c中华书局@d2020 | |
| 215 | @a313页, [6] 页图版@c彩图, 肖像, 摹真@d22cm | |
| 300 | @a湖北省哲学与社会科学基金一般项目成果 | |
| 314 | @a戴仁柱,美国汉学家,毕业于普林斯顿大学东亚系,受业于刘子健教授,曾在布朗大学和杜克大学历史系任教二十多年,后于香港岭南大学任讲座教授、历史系主任、文学院院长,现已退休,生活于中国台湾。早期研究以南宋为主,在国内曾出版专著《十三世纪中国政治与文化危机》《丞相世家:南宋四明史氏家族研究》。最近十几年的研究以五代为主,出版《新五代史》英译本,《后唐明宗传》《后唐庄宗传》英文版和中文版《伶人·武士·猎手——后唐庄宗李存勖传》等。 | |
| 320 | @a有书目 (第300-307页) | |
| 330 | @a本书作为一部李嗣源的传记作品,致力于从基本史实出发解读李嗣源的政治成果。结构上以年代与话题相搭配:第一、二章描绘明宗的成长背景与王者之路,第三、四章以年代为基础,强调明宗统治的八年时间里政治演变的过程;第五、六章则采用的话题式结构。 | |
| 333 | @a本书适用于大众读者 | |
| 500 | 10 | @aFrom warhorses to ploughshares : the Later Tang reign of Emperor Mingzong@mChinese |
| 517 | 1 | @a后唐明宗李嗣源传@Ahou tang ming zong li si yuan chuan |
| 600 | 0 | @a李嗣源,@Ali si yuan ,@f867-933@x传记 |
| 690 | @aK827=43@v5 | |
| 701 | 0 | @a戴仁柱@Adai ren zhu@4著 |
| 702 | 0 | @a刘广丰@Aliu guang feng@4译 |
| 801 | 0 | @aCN@b百万庄@c20211029 |
| 905 | @b1313191-94@dK827=43@e1081@f4 | |
| 从草原到中原:后唐明宗李嗣源传=From warhorses to ploughshares:the Later Tang reign of Emperor Mingzong/(美) 戴仁柱著/刘广丰译.-北京:中华书局,2020 |
| 313页, [6] 页图版:彩图, 肖像, 摹真;22cm |
| 湖北省哲学与社会科学基金一般项目成果.-使用对象:本书适用于大众读者 |
| ISBN 978-7-101-14546-5:CNY38.00 |
| 本书作为一部李嗣源的传记作品,致力于从基本史实出发解读李嗣源的政治成果。结构上以年代与话题相搭配:第一、二章描绘明宗的成长背景与王者之路,第三、四章以年代为基础,强调明宗统治的八年时间里政治演变的过程;第五、六章则采用的话题式结构。 |
| ● |
| 相关链接 |
|
|
|
|
正题名:从草原到中原
索取号:K827=43/1081
 
预约/预借
| 序号 | 登录号 | 条形码 | 馆藏地/架位号 | 状态 | 备注 |
| 1 | 1313191 | 213131911 | 第二样本阅览室/ [索取号:K827=43/1081] | 在馆 | |
| 2 | 1313192 | 213131920 | 第二借阅区/ [索取号:K827=43/1081] | 在馆 | |
| 3 | 1313193 | 213131939 | 第二借阅区/ [索取号:K827=43/1081] | 在馆 | |
| 4 | 1313194 | 213131948 | 第二借阅区/ [索取号:K827=43/1081] | 在馆 |